| 000 | 01448cam a22003617a 4500 | ||
|---|---|---|---|
| 003 | CHAP | ||
| 005 | 20220329141608.0 | ||
| 008 | 971013s1994 r 10010 d | ||
| 010 | _a70712 | ||
| 011 | _a71684 | ||
| 035 | _a81238 | ||
| 040 | _cCHAP | ||
| 082 |
_a634.956 _bR44r 1994 |
||
| 111 | 0 | 0 |
_aReunión Nacional de Plantaciones Forestales ( _n4 _d: 1994 _c: México, D. F.) _996514 |
| 245 | 0 |
_aPlantaciones _b: producir para conservar, resúmenes |
|
| 260 |
_aMéxico, D. F. : _bSubsecretaria Forestal y de la Fauna Silvestre, _c1994 |
||
| 300 | _a66 p. | ||
| 590 |
_aBATCH-UPD _b10 _c20130110 _lUCH01 _h1820 |
||
| 590 |
_aBATCH-UPD _b10 _c20130410 _lUCH01 _h1154 |
||
| 590 |
_aBATCH-UPD _b10 _c20130914 _lUCH01 _h1917 |
||
| 590 |
_aCONVERSION _b10 _c20130109 _lUCH01 _h1339 |
||
| 650 | 1 | 4 |
_aPlantación de árboles. _988782 |
| 650 | 1 | 4 |
_aReforestación. _995474 |
| 710 | 0 |
_aINIFAP. México. _958722 |
|
| 901 | _aBK | ||
| 942 | _cLIBRO | ||
| 949 |
_a634.956 R44r 1994 _bBC _cCONG _d33724000089512 _eCONG _fc.4 _h86531 _i81238 _si |
||
| 949 |
_a634.956 R44r 1994 _bBC _cLIBRO _d33724000089520 _eLIBRO _fc.3 _h86530 _i81238 _si |
||
| 949 |
_a634.956 R44r 1994 _bBC _cLIBRO _d33724000089538 _eLIBRO _fc.2 _h86529 _i81238 _si |
||
| 949 |
_a634.956 R44r 1994 _bBC _cLIBRO _d33724000089546 _eLIBRO _h86528 _i81238 _si |
||
| 949 |
_a634.956 R44r 1994 _bBC _cUACH _d-34465 _eUACH _fc.5 _h86532 _i81238 _si |
||
| 949 |
_a634.956 R44r 1994 _bCIESTAM _cLIBRO _d812381 _eLIBRO _h446 _i81238 _sb |
||
| 999 |
_c70712 _d70712 |
||